000 00230nam a2200109Ia 4500
008 190216s9999||||xx |||||||||||||| ||und||
100 _aKakanadan
245 0 _aAbhimanyu
260 _bDc Books
650 _aMalayalam
942 _cBK
999 _c26072
_d26072